| 000 | 00490nam a2200181Ia 4500 | ||
|---|---|---|---|
| 999 |
_c28504 _d28504 |
||
| 003 | OSt | ||
| 005 | 20250610125201.0 | ||
| 008 | 250310s9999||||xx |||||||||||||| ||und|| | ||
| 040 | _c. | ||
| 082 |
_a623.87236 _bS238 |
||
| 100 |
_92624 _aSanyal, D. K. |
||
| 245 | 0 |
_aPrinciples and practice of marine diesel engines / _cD. K. Sanyal |
|
| 250 | _a2nd ed. | ||
| 260 |
_aBombay : _bBhandarkar Publication, _c1981. |
||
| 300 | _a483 p. | ||
| 650 | 0 |
_9245 _aMarine Diesel Motors |
|
| 942 |
_cBK _2ddc |
||